Comunicación respecto a los parques nacionales y a los monumentos naturales de España / (Record no. 79399)

MARC details
000 -LEADER
campo de control de longitud fija 00851nam a2200205 i 4500
001 - NÚMERO DE CONTROL
campo de control 79399
003 - IDENTIFICADOR DE NÚMERO DE CONTROL
campo de control ES-MaACL
005 - FECHA Y HORA DE LA ÚLTIMA TRANSACCIÓN
campo de control 20250728063123.0
007 - CAMPO FIJO DE DESCRIPCIÓN FÍSICA--INFORMACIÓN GENERAL
campo de control de longitud fija t|
008 - DATOS DE LONGITUD FIJA--INFORMACIÓN GENERAL
campo de control de longitud fija 041021s1920 sp ||||1| spa d
100 1# - ENTRADA PRINCIPAL--NOMBRE DE PERSONA
Nombre de persona Hernández-Pacheco, Eduardo,
Fechas asociadas al nombre 1872-1965
9 (RLIN) 63012
245 10 - MENCIÓN DEL TÍTULO
Título Comunicación respecto a los parques nacionales y a los monumentos naturales de España /
Mención de responsabilidad, etc. Eduardo Hernández-Pacheco.
260 ## - PUBLICACIÓN, DISTRIBUCIÓN, ETC.
Lugar de publicación, distribución, etc. Madrid :
Nombre del editor, distribuidor, etc. [s.n.,
Fecha de publicación, distribución, etc. 1920]
300 ## - DESCRIPCIÓN FÍSICA
Extensión 16 p. :
Otras características físicas il. ;
Dimensiones 25 cm.
500 ## - NOTA GENERAL
Nota general Extracto del Boletín de la Real Sociedad Española de Historia Natural, Tomo XX, 1920 (páginas 267-282)
650 04 - PUNTO DE ACCESO ADICIONAL DE MATERIA--TÉRMINO DE MATERIA
Término de materia o nombre geográfico como elemento de entrada Parques nacionales-
Subdivisión geográfica España.
9 (RLIN) 15847
650 04 - PUNTO DE ACCESO ADICIONAL DE MATERIA--TÉRMINO DE MATERIA
Término de materia o nombre geográfico como elemento de entrada Naturaleza-
Subdivisión general Protección-
Subdivisión geográfica España.
9 (RLIN) 15486
852 ## - LOCALIZACIÓN
Ubicación ES-MaACL
Número de control de estantería 1597-F-8
Nota libre .- Donat. de Eduardo Hernández-Pacheco, en anotación manuscrita
Holdings
Estatus retirado Estado de pérdida Estado de daño No para préstamo Colección Biblioteca de origen Biblioteca actual Ubicación en estantería Fecha de adquisición Fuente de adquisición Total de préstamos Signatura topográfica completa Código de barras Visto por última vez Precio de reemplazo Tipo de ítem Koha
        Colección de folletos Biblioteca del Ateneo de Madrid Biblioteca del Ateneo de Madrid Depósito folletos 17/01/2008     1597-F-8 1083030 23/02/2023 23/02/2023 Folleto